[Event "Elit(Rockaden,Sthlm-Limhamn)"]
[Site "?"]
[Date "2015.11.07"]
[Round "2"]
[White "Hedman, Erik"]
[Black "Lindgren, Philip"]
[Result "0-1"]
[WhiteElo "2355"]
[BlackElo "2410"]
[PlyCount "70"]

1. d4 d5 2. c4 c6 3. Nf3 Nf6 4. Nc3 e6 5. g3 dxc4 6. Bg2 Nbd7 7. O-O Be7 8. e4
O-O 9. a4 a5 10. Bf4 Re8 11. Re1 Bb4 12. Qe2 b5 13. axb5 Bxc3 14. bxc3 cxb5 15.
Reb1 Ba6 16. Ne5 Nxe5 17. Bxe5 Nd7 18. Bd6 e5 19. f4 exd4 20. cxd4 Qb6 21. e5
Rac8 22. Qa2 Qxd4+ 23. Kh1 a4 24. Rd1 Qa7 25. Bb4 Bb7 26. Rd6 Nc5 27. Rb1 Ne4
28. Rdd1 Nf2+ 29. Qxf2 Qxf2 30. Bxb7 c3 31. Rbc1 c2 32. Rd2 Qe3 33. Bxc8 Rxc8
34. Rcxc2 Qe4+ 35. Kg1 Qxc2 0-1

[Event "Elit(Rockaden,Sthlm-Limhamn)"]
[Site "?"]
[Date "2015.11.07"]
[Round "2"]
[White "Tadjerbashi, Amir"]
[Black "Kenneskog, Theodor"]
[Result "0-1"]
[WhiteElo "2234"]
[BlackElo "2334"]
[PlyCount "104"]

1. e4 c5 2. Nf3 d6 3. d4 cxd4 4. Nxd4 Nf6 5. Nc3 a6 6. g3 e5 7. Nde2 Be7 8. Bg2
O-O 9. O-O Nbd7 10. h3 b5 11. g4 b4 12. Nd5 Nxd5 13. exd5 Bg5 14. Bxg5 Qxg5 15.
f4 exf4 16. Nxf4 Ne5 17. Qd4 a5 18. b3 Bd7 19. Rf2 Rac8 20. a3 bxa3 21. Qd2 a4
22. Rxa3 axb3 23. cxb3 h5 24. Nd3 Qxd2 25. Rxd2 Nxd3 26. Rxd3 hxg4 27. hxg4
Bxg4 28. Ra7 Rfe8 29. Rd2 Rb8 30. Rd4 Bf5 31. b4 Re1+ 32. Kf2 Rb1 33. Ra6 R1xb4
34. Rxb4 Rxb4 35. Rxd6 Be4 36. Bxe4 Rxe4 37. Rd8+ Kh7 38. Kf3 Re1 39. Kf4 Kg6
40. Rd6+ f6 41. Rd7 Re5 42. d6 Kh6 43. Rd8 g5+ 44. Kf3 Kg7 45. Kg4 Kf7 46. Kh5
Rd5 47. Kh6 Rd4 48. Rd7+ Ke6 49. Re7+ Kxd6 50. Re8 Rf4 51. Kh5 Kd5 52. Kg6 g4
0-1

[Event "Elit(Rockaden,Sthlm-Limhamn)"]
[Site "?"]
[Date "2015.11.07"]
[Round "2"]
[White "Engqvist, Thomas"]
[Black "Penalver, Osmani"]
[Result "1-0"]
[WhiteElo "2353"]
[BlackElo "2266"]
[PlyCount "51"]

1. Nf3 Nf6 2. c4 e6 3. Nc3 Bb4 4. Qc2 O-O 5. a3 Bxc3 6. Qxc3 Ne4 7. Qc2 d5 8.
g3 c6 9. Bg2 f5 10. d3 Nf6 11. b4 a5 12. b5 a4 13. Rb1 Bd7 14. bxc6 Bxc6 15.
O-O dxc4 16. Qxc4 Bd5 17. Qh4 Nc6 18. Rxb7 Ne5 19. Nxe5 Bxg2 20. Rxg7+ Kxg7 21.
Bh6+ Kh8 22. Bxf8 Kg8 23. Bb4 Ng4 24. Be7 Qc8 25. Qg5+ Kh8 26. Nxg4 1-0

[Event "Elit(Kungstornet-LASK)"]
[Site "?"]
[Date "2015.11.07"]
[Round "2"]
[White "Tikkanen, Hans"]
[Black "Lyrberg, Patrik"]
[Result "0-1"]
[WhiteElo "2509"]
[BlackElo "2473"]
[PlyCount "76"]

1. e4 e6 2. d4 d5 3. Nd2 dxe4 4. Nxe4 Bd7 5. Nf3 Bc6 6. Bd3 Nd7 7. O-O Ngf6 8.
Ng3 Be7 9. c4 Bxf3 10. Qxf3 c6 11. b3 Qa5 12. Bb2 Ba3 13. Bxa3 Qxa3 14. Rfe1
O-O 15. h4 Rad8 16. h5 h6 17. Re2 Rfe8 18. Rd1 Kf8 19. Bb1 Qa5 20. Rde1 Qg5 21.
Ne4 Nxe4 22. Rxe4 Nf6 23. Rf4 Qa5 24. Re2 Rd7 25. g4 Qd8 26. Qc3 c5 27. dxc5 e5
28. Rf5 Rd1+ 29. Re1 Qd4 30. Qb4 a5 31. Qxa5 Rxb1 32. Rxb1 Qxg4+ 33. Kf1 Qh3+
34. Kg1 Qxf5 35. Re1 Ne4 36. Re2 Qg4+ 37. Kf1 Qh3+ 38. Ke1 Qh1# 0-1

[Event "Elit(Kungstornet-LASK)"]
[Site "?"]
[Date "2015.11.07"]
[Round "2"]
[White "von Bahr, Oskar"]
[Black "Hillarp Persson, Tiger"]
[Result "1-0"]
[WhiteElo "2384"]
[BlackElo "2546"]
[PlyCount "79"]

1. c4 d6 2. g3 e5 3. Bg2 f5 4. Nc3 Nf6 5. d4 Be7 6. e3 c6 7. Nge2 O-O 8. O-O
Na6 9. b3 e4 10. d5 c5 11. f3 exf3 12. Bxf3 Nc7 13. Nf4 Ng4 14. Bxg4 fxg4 15.
Bb2 Bf6 16. Qd2 Qe8 17. Rae1 Rb8 18. e4 b5 19. Nxb5 Nxb5 20. cxb5 Rxb5 21. Bxf6
gxf6 22. Nd3 Rb6 23. Rf4 Ra6 24. Ref1 Qe7 25. R1f2 Kg7 26. Qc3 h5 27. b4 c4 28.
Qxc4 Ra3 29. b5 Qd8 30. e5 dxe5 31. Nxe5 Re3 32. Nc6 Qb6 33. Qd4 Re1+ 34. Kg2
Qxd4 35. Rxd4 a6 36. b6 Rf7 37. Rb2 f5 38. Nd8 Rd7 39. b7 Bxb7 40. Rxb7 1-0

[Event "Elit(Kungstornet-LASK)"]
[Site "?"]
[Date "2015.11.07"]
[Round "2"]
[White "Smith, Axel"]
[Black "Cicak, Slavko"]
[Result "1/2-1/2"]
[WhiteElo "2471"]
[BlackElo "2504"]
[PlyCount "130"]

1. d4 Nf6 2. c4 g6 3. Nc3 Bg7 4. e4 O-O 5. Be2 d6 6. Bg5 a6 7. Qd2 Nbd7 8. Nf3
c5 9. d5 Qa5 10. O-O Re8 11. Rfe1 Ng4 12. h3 Nge5 13. Nxe5 Bxe5 14. Qc2 Bd4 15.
Bf1 Nf8 16. a4 Bd7 17. Ne2 Bg7 18. Bd2 Qc7 19. Nc3 Rab8 20. f4 e5 21. f5 Qd8
22. Bd3 h5 23. Rf1 Nh7 24. Rf2 Bf6 25. Raf1 Rf8 26. Qc1 Kh8 27. Kh1 Qe7 28. Rg1
Bg5 29. g4 hxg4 30. hxg4 f6 31. fxg6 Bxd2 32. Qxd2 Ng5 33. Ne2 Kg7 34. Ng3 Bxg4
35. Nf5+ Bxf5 36. Rxf5 Rh8+ 37. Kg2 Rh6 38. Kf1 Rxg6 39. Ke2 Rh8 40. Kd1 Qe8
41. b3 Rh4 42. Qe1 Rh2 43. Kc1 Nh3 44. Rxg6+ Qxg6 45. Rf3 Kh7 46. Qh4+ Qh6+ 47.
Qxh6+ Kxh6 48. Rxf6+ Kg5 49. Rxd6 Nf4 50. Bb1 Kg4 51. Rd7 Kf3 52. Rxb7 Ke3 53.
d6 Rd2 54. Bc2 Ne2+ 55. Kb2 Rxd6 56. Rh7 Rd2 57. Rh3+ Kd4 58. Rh2 a5 59. Rh8
Ke3 60. Rh3+ Kf2 61. Kb1 Nd4 62. Rc3 Ne2 63. Rh3 Nd4 64. Rc3 Ne2 65. Rh3 Nd4
1/2-1/2

[Event "Elit(Kungstornet-LASK)"]
[Site "?"]
[Date "2015.11.07"]
[Round "2"]
[White "Ahlander, Bjorn"]
[Black "Aronsson, Marten"]
[Result "1-0"]
[WhiteElo "2378"]
[BlackElo "2300"]
[PlyCount "73"]

1. d4 d5 2. Nf3 Nf6 3. c4 c6 4. Nc3 dxc4 5. a4 Bf5 6. Ne5 e6 7. e3 Bb4 8. Bxc4
O-O 9. g4 Bg6 10. h4 Nbd7 11. Nxg6 hxg6 12. h5 g5 13. f4 Qc7 14. O-O Rad8 15.
Qf3 Nb6 16. Bb3 gxf4 17. a5 Bxc3 18. bxc3 Nbd5 19. g5 Nh7 20. exf4 c5 21. Ba3
b6 22. Rac1 Rfe8 23. Kh1 Nf8 24. f5 Nh7 25. Rg1 Qf4 26. Qxf4 Nxf4 27. g6 fxg6
28. hxg6 Nf8 29. Rg4 Nd5 30. dxc5 bxa5 31. Re1 Rb8 32. Bc4 Ne7 33. Rxe6 Nxe6
34. Bxe6+ Kf8 35. c6 Rb1+ 36. Kg2 Ra1 37. Bc5 1-0

[Event "Elit(Kungstornet-LASK)"]
[Site "?"]
[Date "2015.11.07"]
[Round "2"]
[White "Andersson, Fredrik"]
[Black "Semcesen, Daniel"]
[Result "1-0"]
[WhiteElo "2262"]
[BlackElo "2436"]
[PlyCount "115"]

1. d4 d6 2. e4 Nf6 3. Nc3 e5 4. Nf3 Nbd7 5. Bc4 Be7 6. O-O O-O 7. Re1 c6 8. a4
a5 9. h3 Nb6 10. Bb3 Nfd7 11. Be3 exd4 12. Bxd4 Nc5 13. Bxc5 dxc5 14. Nd2 Qd4
15. Qe2 Be6 16. Nf3 Qf6 17. e5 Qg6 18. Bxe6 fxe6 19. Qe4 Qh6 20. Ne2 c4 21. Qd4
Nd5 22. Qxc4 Rxf3 23. gxf3 Rf8 24. Qg4 Rf5 25. Kh2 Rg5 26. Qd4 Rh5 27. Qg4 Rh4
28. Qg2 Bg5 29. Ng1 Nf4 30. Qf1 Nxh3 31. Nxh3 Bf4+ 32. Kg2 Qg6+ 33. Kh1 Qf5 34.
Qg2 Rxh3+ 35. Kg1 Rh5 36. Kf1 Rg5 37. Qh1 Qxc2 38. Re2 Qd3 39. Ra3 Qb1+ 40. Re1
Qxb2 41. Rd3 h6 42. Qh3 Qa2 43. Rd4 Bxe5 44. Rde4 Bc3 45. Rd1 Rf5 46. Rd6 Be5
47. Rd7 b5 48. Rg4 Kh7 49. Rh4 Bf4 50. Rg4 Bg5 51. Kg2 b4 52. f4 Bf6 53. Qg3
Qb2 54. Qe3 Qc2 55. Qxe6 h5 56. Rdxg7+ Bxg7 57. Qg6+ Kh8 58. Qxg7# 1-0

[Event "Elit(Kungstornet-LASK)"]
[Site "?"]
[Date "2015.11.07"]
[Round "2"]
[White "Mauritsson, Sebastian"]
[Black "Larsson, Anders"]
[Result "1/2-1/2"]
[WhiteElo "2314"]
[BlackElo "2224"]
[PlyCount "93"]

1. e4 c5 2. Nf3 g6 3. d4 cxd4 4. Nxd4 Bg7 5. Nc3 Nc6 6. Be3 Nf6 7. Bc4 O-O 8.
Bb3 e6 9. O-O d5 10. exd5 exd5 11. h3 a6 12. Qd2 Na5 13. Rad1 Re8 14. Bg5 Nxb3
15. axb3 Qd6 16. Nde2 Bf5 17. Ng3 Be6 18. Bxf6 Bxf6 19. Nce4 Qe7 20. Nxf6+ Qxf6
21. Qd4 Kg7 22. Rd2 Qxd4 23. Rxd4 Rac8 24. c3 Rc5 25. b4 Rc7 26. Rfd1 h5 27.
Kf1 Bd7 28. Rxd5 Ba4 29. Ra1 Bb5+ 30. Kg1 h4 31. Nf1 Re2 32. Nd2 Rce7 33. f3
Bc6 34. Rd4 g5 35. Kf1 R2e5 36. b3 f6 37. Nc4 Bb5 38. Rd2 Rc7 39. Re1 Bxc4+ 40.
bxc4 Rxc4 41. Rd7+ Kg6 42. Rxe5 fxe5 43. Rxb7 Rxc3 44. Rb6+ Kf5 45. Rxa6 Rb3
46. Ra2 Rxb4 47. Kf2 1/2-1/2

[Event "Elit(Kungstornet-LASK)"]
[Site "?"]
[Date "2015.11.07"]
[Round "2"]
[White "Wikner, Arvid"]
[Black "Dragicevic, Drazen"]
[Result "0-1"]
[WhiteElo "2242"]
[BlackElo "2290"]
[PlyCount "112"]

1. e4 g6 2. d4 Bg7 3. Nc3 c6 4. Be3 d6 5. Qd2 b5 6. h4 Nf6 7. f3 h5 8. Nh3 Nbd7
9. O-O-O b4 10. Ne2 Rb8 11. Nef4 Qa5 12. Kb1 Nb6 13. b3 O-O 14. Ng5 Bd7 15. g4
e5 16. dxe5 dxe5 17. Nd3 Rfc8 18. Qxb4 Qxb4 19. Nxb4 Na4 20. Bd2 hxg4 21. Na6
Rb7 22. Bc4 Be8 23. Ka1 Nb6 24. Nc5 Rbb8 25. Ba6 Rd8 26. Bc3 gxf3 27. Rdf1 Nh5
28. Rxf3 Nf4 29. a4 Nd7 30. Nb7 Rxb7 31. Bxb7 Nc5 32. Ba5 Rb8 33. Bxc6 Bxc6 34.
Rc3 Bxe4 35. Re1 Bxc2 36. Rxc5 e4+ 37. Bc3 Nd3 38. Bxg7 Nxc5 39. Be5 Rxb3 40.
Rc1 Nd3 41. Rxc2 Nxe5 42. Rc5 Ra3+ 43. Kb1 Nf3 44. Nxe4 Rxa4 45. Nd6 Nxh4 46.
Rc8+ Kg7 47. Rc7 Rf4 48. Rxa7 g5 49. Kc2 g4 50. Nxf7 Rxf7 51. Ra4 Rf2+ 52. Kd1
Rg2 53. Ke1 Kf6 54. Kf1 Kg5 55. Ra5+ Kf4 56. Rh5 Rh2 0-1

[Event "Elit(Burgsvik-Manhem)"]
[Site "?"]
[Date "2015.11.07"]
[Round "2"]
[White "Winsnes, Rikard"]
[Black "Andersson, Tommy"]
[Result "0-1"]
[WhiteElo "2407"]
[BlackElo "2374"]
[PlyCount "78"]
[SourceDate "2015.11.13"]

1. e4 c5 2. Nf3 d6 3. d4 cxd4 4. Nxd4 Nf6 5. Nc3 a6 6. Be3 e5 7. Nf3 Qc7 8. a4
h6 9. a5 Be6 10. Be2 Nbd7 11. O-O Be7 12. Ne1 O-O 13. Nd3 d5 14. exd5 Nxd5 15.
Nxd5 Bxd5 16. f4 Qc6 17. Rf2 e4 18. Ne5 Nxe5 19. fxe5 Rad8 20. Qc1 Qe6 21. c4
Bc6 22. Qc3 f6 23. exf6 Bxf6 24. Qc2 Qe5 25. c5 Bg5 26. Qb3+ Kh7 27. Rxf8 Rxf8
28. Rb1 Ba4 29. Qa3 Bc2 30. Re1 Bxe3+ 31. Qxe3 Qxb2 32. Qd2 Qb3 33. Bf1 Bd3 34.
Qe3 Qc4 35. Bxd3 exd3 36. Rc1 Qb3 37. h3 Rd8 38. Qe4+ Kh8 39. Rf1 d2 0-1

[Event "Elit(Burgsvik-Manhem)"]
[Site "?"]
[Date "2015.11.07"]
[Round "2"]
[White "Nygren, Kim"]
[Black "Welin, Mats"]
[Result "0-1"]
[WhiteElo "2272"]
[BlackElo "2328"]
[PlyCount "84"]

1. e4 e5 2. Nf3 Nc6 3. Bb5 a6 4. Ba4 Nf6 5. O-O Be7 6. Re1 b5 7. Bb3 d6 8. c3
O-O 9. h3 Nb8 10. d4 Nbd7 11. Nbd2 Bb7 12. Bc2 Re8 13. Nf1 Bf8 14. Ng3 g6 15.
Bg5 h6 16. Bd2 exd4 17. cxd4 c5 18. d5 Bg7 19. b4 cxb4 20. Bxb4 Nc5 21. Rb1 Rc8
22. Qd2 Nfd7 23. Ba5 Qe7 24. a4 bxa4 25. Bxa4 Nxa4 26. Rxb7 Nac5 27. Rbb1 h5
28. Rb4 Rb8 29. Nd4 Bxd4 30. Qxd4 Nb3 31. Qc3 Nxa5 32. Rxb8 Rxb8 33. Qxa5 Nc5
34. Re3 Rb1+ 35. Kh2 h4 36. Ne2 Nxe4 37. Qa2 Rh1+ 38. Kxh1 Nxf2+ 39. Kh2 Qxe3
40. Qxa6 Nd3 41. Qc8+ Kg7 42. Qg4 Ne5 0-1

[Event "Elit(Burgsvik-Manhem)"]
[Site "?"]
[Date "2015.11.07"]
[Round "2"]
[White "Hultin, Johan"]
[Black "Fries Nielsen, Jens Ove"]
[Result "1-0"]
[WhiteElo "2312"]
[BlackElo "2424"]
[PlyCount "73"]

1. d4 d5 2. c4 e6 3. Nf3 Nf6 4. g3 Be7 5. Bg2 O-O 6. O-O Na6 7. Nc3 c6 8. Ne5
Nd7 9. Bf4 Nxe5 10. Bxe5 dxc4 11. Qd2 f6 12. Bf4 Nb4 13. Rad1 Nd5 14. e4 Nxf4
15. Qxf4 Qb6 16. Rd2 Bd7 17. d5 Bb4 18. h4 Bxc3 19. bxc3 e5 20. Qf3 cxd5 21.
exd5 Qd6 22. h5 h6 23. Re1 b5 24. Qe4 Rad8 25. a4 a6 26. axb5 axb5 27. Qg6 Be8
28. Qf5 Qd7 29. Qxd7 Bxd7 30. d6 Rfe8 31. Ra1 e4 32. Ra7 e3 33. fxe3 Rxe3 34.
Kf2 Rxc3 35. Bd5+ Kf8 36. Rda2 Be8 37. Ra8 1-0

[Event "Elit(Burgsvik-Manhem)"]
[Site "?"]
[Date "2015.11.07"]
[Round "2"]
[White "Krupenski, Juri"]
[Black "Moberg, Karl Johan"]
[Result "1/2-1/2"]
[WhiteElo "2403"]
[BlackElo "2295"]
[PlyCount "185"]

1. c4 e5 2. g3 Nf6 3. Bg2 c6 4. d4 Bb4+ 5. Bd2 Bxd2+ 6. Qxd2 d6 7. Nc3 O-O 8.
Nf3 e4 9. Ng5 d5 10. O-O Re8 11. f3 e3 12. Qd3 h6 13. Nh3 dxc4 14. Qxc4 Be6 15.
Qd3 Na6 16. Nf4 Nb4 17. Nxe6 Rxe6 18. Qc4 Nbd5 19. f4 Qb6 20. Na4 Qb4 21. Qxb4
Nxb4 22. Nc5 Re7 23. Rfc1 Rd8 24. a3 Nbd5 25. b4 h5 26. Bf3 Nb6 27. Nb3 Na4 28.
Rc2 g6 29. Rd1 Kg7 30. Kg2 Nb6 31. Rc5 Nbd5 32. Rd3 a6 33. Rc2 h4 34. Na5 hxg3
35. hxg3 Ng8 36. Bxd5 cxd5 37. Rcc3 Rde8 38. Kf3 Nf6 39. Rc2 Ne4 40. Nb3 f5 41.
Kg2 Nf2 42. Rdc3 Kf6 43. Rc8 Ng4 44. Rxe8 Rxe8 45. Nc5 Rh8 46. Nd3 Rh2+ 47. Kf3
Rh1 48. Rc1 Rh7 49. Rc8 Rh1 50. Rc1 Rh7 51. a4 Ke6 52. Rc8 Rh1 53. Re8+ Kf6 54.
Rf8+ Ke6 55. Rb8 Rf1+ 56. Kg2 Rd1 57. Rh8 Kf6 58. Rh7 Rd2 59. Kf3 Rd1 60. Rxb7
Rf1+ 61. Kg2 Rd1 62. Rb6+ Ke7 63. Rc6 Kd7 64. Rc1 Rd2 65. Kf3 Ra2 66. a5 Nh2+
67. Kxe3 Ng4+ 68. Kf3 Nh2+ 69. Kf2 Ng4+ 70. Ke1 Ne3 71. Ne5+ Kd8 72. Rc5 Nc2+
73. Kf2 Nxb4 74. Nc6+ Nxc6 75. Rxc6 Rxa5 76. Rxg6 Ke7 77. Kf3 Ra3+ 78. e3 Ra1
79. Rg7+ Ke6 80. Rg6+ Ke7 81. Rb6 Ra3 82. g4 fxg4+ 83. Kxg4 Rxe3 84. Kf5 Re4
85. Kg5 Rxd4 86. Rxa6 Rd1 87. f5 Rg1+ 88. Kf4 Re1 89. f6+ Kf7 90. Kf5 Rf1+ 91.
Ke5 Re1+ 92. Kxd5 Rf1 93. Ke5 1/2-1/2

[Event "Elit(Burgsvik-Manhem)"]
[Site "?"]
[Date "2015.11.07"]
[Round "2"]
[White "Boe, Mads"]
[Black "Zadruzny, Nicolaj"]
[Result "1/2-1/2"]
[WhiteElo "2309"]
[BlackElo "2235"]
[PlyCount "53"]

1. d4 d6 2. Nf3 g6 3. g3 Bg7 4. Bg2 Nd7 5. O-O Ngf6 6. b3 O-O 7. Bb2 c6 8. c4
Re8 9. e3 Qc7 10. Nc3 Nf8 11. e4 Bg4 12. h3 Bxf3 13. Qxf3 e5 14. d5 h5 15. h4
N8h7 16. Bh3 a6 17. dxc6 bxc6 18. Qe3 Rad8 19. Rfd1 Ng4 20. Bxg4 hxg4 21. c5 f5
22. cxd6 Rxd6 23. Rxd6 Qxd6 24. Rd1 Qf6 25. Qe2 a5 26. Rd7 Kh8 27. Ba3 1/2-1/2

[Event "Elit(Burgsvik-Manhem)"]
[Site "?"]
[Date "2015.11.07"]
[Round "2"]
[White "Larsson, Victor"]
[Black "Akesson, Joel"]
[Result "0-1"]
[WhiteElo "2188"]
[BlackElo "2286"]
[PlyCount "74"]

1. d4 e6 2. c4 Nf6 3. Nf3 Bb4+ 4. Nbd2 b6 5. a3 Bxd2+ 6. Qxd2 Bb7 7. e3 d6 8.
Be2 Nbd7 9. O-O O-O 10. b4 Ne4 11. Qc2 f5 12. d5 e5 13. Ne1 c6 14. f3 Ng5 15.
h4 Nf7 16. dxc6 Bxc6 17. b5 Bb7 18. Qxf5 Nc5 19. Qh3 Bc8 20. Qh2 Nb3 21. Rb1
Nxc1 22. Rxc1 Qc7 23. Nd3 Bb7 24. f4 e4 25. Nb4 Qc5 26. Qh3 Bc8 27. Qg3 Nh6 28.
Rc3 Be6 29. Na6 Qc8 30. Rd1 Rf6 31. Qf2 Bg4 32. Rd5 Bxe2 33. Qxe2 Nf5 34. Qg4
Ne7 35. Qxc8+ Rxc8 36. Rd4 Nf5 37. Rxe4 Ng3 0-1

[Event "Elit(Burgsvik-Manhem)"]
[Site "?"]
[Date "2015.11.07"]
[Round "2"]
[White "Boe Olsen, Filip"]
[Black "Packalen, Marcus"]
[Result "1/2-1/2"]
[WhiteElo "2247"]
[BlackElo "2162"]
[PlyCount "35"]
[EventDate "2015.??.??"]

1. d4 Nf6 2. c4 e5 3. dxe5 Ng4 4. Nf3 Nc6 5. Bf4 Bb4+ 6. Nc3 Bxc3+ 7. bxc3 Qe7
8. e3 Ngxe5 9. Nxe5 Nxe5 10. Qd4 f6 11. c5 b6 12. Qe4 Qxc5 13. Bxe5 Qxe5 14.
Qxa8 Qxc3+ 15. Ke2 Qc2+ 16. Ke1 Qc3+ 17. Ke2 Qc2+ 18. Ke1 1/2-1/2

[Event "Elit(Burgsvik-Manhem)"]
[Site "?"]
[Date "2015.11.07"]
[Round "2"]
[White "Linusson, Pelle"]
[Black "Fendrich, David"]
[Result "1-0"]
[WhiteElo "2215"]
[BlackElo "2197"]
[PlyCount "69"]

1. d4 d6 2. Nf3 g6 3. c4 Bg7 4. g3 e5 5. dxe5 dxe5 6. Qxd8+ Kxd8 7. Bg2 c6 8.
Nc3 f6 9. O-O Be6 10. b3 Bf8 11. Ne4 Nd7 12. Rd1 Kc7 13. Bb2 Be7 14. Nh4 g5 15.
Nf3 Nh6 16. c5 g4 17. Nfd2 a5 18. Rac1 Nf7 19. Nc4 Bxc4 20. Rxc4 f5 21. Nc3
Nxc5 22. Ba3 b6 23. Na4 Rad8 24. Rdc1 Bg5 25. e3 Nxa4 26. Rxc6+ Kb8 27. bxa4 e4
28. Rxb6+ Ka8 29. Rcb1 Rd7 30. Bc5 Ra7 31. Rc6 Rb7 32. Ra6+ Kb8 33. Rxb7+ Kxb7
34. Ra7+ Kc6 35. Rxf7 1-0

[Event "Elit(Eksjo-Vasteras)"]
[Site "?"]
[Date "2015.11.07"]
[Round "2"]
[White "Sjodahl, Pontus"]
[Black "Grandelius, Nils"]
[Result "0-1"]
[WhiteElo "2422"]
[BlackElo "2628"]
[PlyCount "118"]

1. d4 Nf6 2. c4 e6 3. Nc3 Bb4 4. e3 O-O 5. Nge2 Re8 6. a3 Bf8 7. e4 d5 8. e5
Nfd7 9. cxd5 exd5 10. f4 c5 11. Be3 Nc6 12. dxc5 g5 13. Qxd5 gxf4 14. Bxf4 Nxc5
15. Qxd8 Rxd8 16. Ng3 Ne6 17. Be3 Nxe5 18. Rd1 Rxd1+ 19. Kxd1 b6 20. Be2 Bb7
21. Nf5 Rc8 22. Kd2 Rd8+ 23. Kc2 Bc5 24. Re1 Bxe3 25. Nxe3 Nd4+ 26. Kb1 Re8 27.
Ned5 Bxd5 28. Nxd5 Ng4 29. h3 Nxe2 30. Ka1 Re5 31. hxg4 Rxd5 32. Rxe2 Rd4 33.
Kb1 Rxg4 34. Kc2 Kg7 35. Kd3 h5 36. Ke3 h4 37. Kf3 Rg3+ 38. Kf4 Kf6 39. Rc2 Ke6
40. Rd2 a5 41. Ke4 f5+ 42. Kd4 Rg4+ 43. Kd3 Ke5 44. Ke3 Rg3+ 45. Kf2 a4 46. Rd8
Rb3 47. Rd2 b5 48. Ke2 Kf4 49. Kf2 Kg4 50. Rd4+ f4 51. Rd2 h3 52. gxh3+ Rxh3
53. Kg1 Rh5 54. Rd3 Rc5 55. b3 Rc1+ 56. Kf2 Rc2+ 57. Ke1 Ra2 58. bxa4 bxa4 59.
Kf1 Rb2 0-1

[Event "Elit(Eksjo-Vasteras)"]
[Site "?"]
[Date "2015.11.07"]
[Round "2"]
[White "Rasmussen, Allan Stig"]
[Black "Norberg, Johan"]
[Result "0-1"]
[WhiteElo "2498"]
[BlackElo "2298"]
[PlyCount "90"]

1. e4 g6 2. d4 Bg7 3. Nc3 d6 4. Be3 a6 5. Qd2 Nd7 6. h4 h5 7. Nh3 b5 8. Ng5 Bb7
9. O-O-O e6 10. f3 Ne7 11. g3 Nc8 12. Bh3 Nf6 13. Qd3 Nb6 14. Bxe6 fxe6 15. e5
Kd7 16. Qxg6 Qe7 17. exf6 Qxf6 18. Qd3 Rae8 19. Rhf1 Kc8 20. Nge4 Qf7 21. Kb1
Kb8 22. Ne2 Nd5 23. Bd2 Qd7 24. Nf4 Ne7 25. Ng5 Nc6 26. c3 e5 27. Ng6 Rhg8 28.
d5 Nd8 29. Rde1 Bf6 30. f4 e4 31. Nxe4 Rxg6 32. f5 Rxe4 33. fxg6 Rxe1+ 34. Rxe1
Qg4 35. Bf4 Bc8 36. Ka1 Bf5 37. Qe2 Qxg6 38. Qe8 Kb7 39. Qf8 Be4 40. Bg5 Bxg5
41. hxg5 Qxg5 42. Rf1 Bg2 43. Qf5 Qxg3 44. Rg1 h4 45. Qf6 h3 0-1

[Event "Elit(Eksjo-Vasteras)"]
[Site "?"]
[Date "2015.11.07"]
[Round "2"]
[White "Eriksson, Anders"]
[Black "Mikkelsen, Nikolaj"]
[Result "0-1"]
[WhiteElo "2279"]
[BlackElo "2462"]
[PlyCount "90"]

1. Nf3 Nf6 2. g3 g6 3. Bg2 Bg7 4. O-O O-O 5. c4 d6 6. d4 c6 7. Nc3 Qb6 8. Qb3
Qa6 9. e4 Nbd7 10. Re1 e5 11. Bf1 exd4 12. Nxd4 Nc5 13. Qc2 Qb6 14. Nb3 Ng4 15.
Kg2 f5 16. h3 Ne5 17. Be3 fxe4 18. Na4 Qc7 19. Nbxc5 dxc5 20. Bxc5 Bf5 21. Bxf8
Rxf8 22. Rxe4 Qc8 23. g4 Bxe4+ 24. Qxe4 Nf3 25. Be2 Nh4+ 26. Kg1 Re8 27. Qd3
Qe6 28. Bf1 Qe5 29. Rd1 Rf8 30. Qg3 Nf3+ 31. Kh1 Qa5 32. b3 Be5 33. Qg2 Nh4 34.
Qe4 Rxf2 35. c5 Rxf1+ 36. Rxf1 Qd2 37. Qc4+ Kh8 38. Rf8+ Kg7 39. Rf7+ Kh8 40.
Rf8+ Kg7 41. Rf7+ Kh6 42. g5+ Qxg5 43. Qg4 Qc1+ 44. Qg1 Qd2 45. Qf2 Qd5+ 0-1

[Event "Elit(Eksjo-Vasteras)"]
[Site "?"]
[Date "2015.11.07"]
[Round "2"]
[White "Carlsson, Pontus"]
[Black "Akesson, Ralf"]
[Result "1/2-1/2"]
[WhiteElo "2434"]
[BlackElo "2411"]
[PlyCount "39"]

1. e4 c6 2. d4 d5 3. exd5 cxd5 4. c4 Nf6 5. Nc3 e6 6. Nf3 Bb4 7. cxd5 Nxd5 8.
Bd2 Nc6 9. Bd3 Be7 10. O-O Bf6 11. Qe2 O-O 12. Qe4 g6 13. Bh6 Bg7 14. Bxg7 Kxg7
15. Rac1 Qd6 16. Bc4 Nxc3 17. Rxc3 Bd7 18. d5 exd5 19. Qxd5 Qxd5 20. Bxd5
1/2-1/2

[Event "Elit(Eksjo-Vasteras)"]
[Site "?"]
[Date "2015.11.07"]
[Round "2"]
[White "Bergstrom, Peter"]
[Black "Bejtovic, Jasmin"]
[Result "1/2-1/2"]
[WhiteElo "2295"]
[BlackElo "2367"]
[PlyCount "72"]

1. e4 c5 2. Nf3 Nc6 3. d4 cxd4 4. Nxd4 g6 5. c4 Nf6 6. Nc3 d6 7. Be2 Bg7 8. Be3
O-O 9. O-O Nxd4 10. Bxd4 Bd7 11. Qd2 Bc6 12. f3 a5 13. b3 Nd7 14. Be3 Nc5 15.
Rab1 e6 16. Rfc1 Be5 17. Bf1 Qe7 18. Ne2 b6 19. Nf4 Rfd8 20. Rd1 Qb7 21. Qf2
Rd7 22. a3 Qb8 23. g3 Bg7 24. Ne2 Raa7 25. Nd4 Ba8 26. Nb5 Rab7 27. b4 Na6 28.
Rd2 Qd8 29. Rbd1 Bf8 30. Nxd6 Bxd6 31. c5 Nxc5 32. bxc5 Bxc5 33. Rxd7 Rxd7 34.
Rxd7 Qxd7 35. Bxc5 bxc5 36. Qxc5 Qd8 1/2-1/2

[Event "Elit(Eksjo-Vasteras)"]
[Site "?"]
[Date "2015.11.07"]
[Round "2"]
[White "Ornstein, Axel"]
[Black "Janse, Rasmus"]
[Result "1-0"]
[WhiteElo "2326"]
[BlackElo "2230"]
[PlyCount "47"]

1. e4 e6 2. d4 d5 3. Nd2 c5 4. exd5 Qxd5 5. dxc5 Bxc5 6. Ngf3 Nf6 7. Bc4 Qc6 8.
Qe2 a6 9. Nb3 Bd6 10. Bg5 Qe4 11. O-O-O Bf4+ 12. Bxf4 Qxf4+ 13. Kb1 O-O 14. Ne5
b5 15. Rd4 Qh6 16. Bd3 Bb7 17. Nc5 Nc6 18. Ng4 Qg5 19. Nxf6+ Qxf6 20. Rd6 Nd8
21. Nxb7 Nxb7 22. Qe4 Rfb8 23. Rd7 Kf8 24. Rxb7 1-0

[Event "Elit(Eksjo-Vasteras)"]
[Site "?"]
[Date "2015.11.07"]
[Round "2"]
[White "Orndahl, Markus"]
[Black "Vernersson, Per"]
[Result "1/2-1/2"]
[WhiteElo "2150"]
[BlackElo "2318"]
[PlyCount "86"]

1. Nf3 d5 2. d4 Nf6 3. Bf4 c6 4. e3 Bg4 5. Bd3 e6 6. c3 Nbd7 7. h3 Bh5 8. Nbd2
Be7 9. Qc2 Bg6 10. Ne5 Bxd3 11. Nxd3 O-O 12. O-O c5 13. dxc5 Nxc5 14. Nxc5 Bxc5
15. Bg5 Be7 16. Qb3 b6 17. Rfd1 Nd7 18. Bxe7 Qxe7 19. a4 Rab8 20. Qa3 Qxa3 21.
Rxa3 Ne5 22. Kf1 Rfd8 23. Ke2 Kf8 24. f4 Nc6 25. b4 Ke7 26. Nb3 Rbc8 27. a5 Rd7
28. Kd2 f6 29. axb6 axb6 30. Ra6 Rb7 31. Nd4 Nxd4 32. exd4 Kd6 33. Rda1 e5 34.
fxe5+ fxe5 35. dxe5+ Kxe5 36. Kd3 Kd6 37. Ra8 Rxa8 38. Rxa8 Rf7 39. Rd8+ Kc6
40. Rc8+ Kd7 41. Rb8 Kc6 42. Rc8+ Kd7 43. Rb8 Kc6 1/2-1/2

[Event "Elit(Eksjo-Vasteras)"]
[Site "?"]
[Date "2015.11.07"]
[Round "2"]
[White "Malesevic, Nedeljko"]
[Black "Landgren, Andreas"]
[Result "1-0"]
[WhiteElo "2260"]
[BlackElo "2259"]
[PlyCount "119"]

1. d4 Nf6 2. c4 g6 3. Nc3 d5 4. Nf3 Bg7 5. Qb3 dxc4 6. Qxc4 O-O 7. Bf4 c6 8.
Rd1 b5 9. Qb3 Be6 10. Qc2 Nd5 11. Nxd5 Qxd5 12. b3 Bf5 13. Qd2 Rd8 14. e3 a6
15. Be2 Nd7 16. O-O c5 17. Qa5 Qb7 18. dxc5 Rdc8 19. Nd4 Nxc5 20. Nxf5 gxf5 21.
Bf3 Ne4 22. Rc1 Rxc1 23. Rxc1 e5 24. Bg5 f6 25. Bh4 Rc8 26. Qe1 Qd7 27. Bxe4
Rxc1 28. Bd5+ Qxd5 29. Qxc1 Kf7 30. f3 Bf8 31. Qc2 Bc5 32. Bf2 e4 33. h3 Qe5
34. f4 Qd5 35. a4 Bd6 36. Qc8 bxa4 37. bxa4 Qd1+ 38. Kh2 Qxa4 39. Qxf5 Kg7 40.
Bh4 Be7 41. Qe6 Qa3 42. Qxe4 a5 43. Be1 Bb4 44. Qb7+ Kg6 45. Qe4+ Kg7 46. Bh4
Be7 47. Qe6 a4 48. e4 Qd6 49. Bxf6+ Kf8 50. Qc8+ Kf7 51. e5 Qe6 52. Qb7 Ke8 53.
Qa8+ Kf7 54. Bxe7 Kxe7 55. Qxa4 Qf5 56. Qd4 Kf7 57. Qc4+ Kf8 58. Qb4+ Kf7 59.
Qb7+ Ke8 60. Qc6+ 1-0